[Event "PreTEC 2025 <1400"]
[Site "Chambly CAN"]
[Date "2025.03.26"]
[Round "2.12"]
[White "Barhoumi, Amine"]
[Black "Tarte, Ariste"]
[Result "1-0"]
[WhiteElo "1295"]
[BlackElo "1182"]
[WhiteFideId "-1"]
[WhiteFideId "-1"]
[PlyCount "79"]
[GameId "2191150457038432"]
[EventDate "2025.03.19"]
[EventType "swiss"]
[EventRounds "5"]
[EventCountry "CAN"]

1. Nf3 c6 2. d4 d5 3. c4 Nf6 4. Nc3 Bf5 5. Bg5 h6 6. Bxf6 exf6 7. cxd5 cxd5 8. Qb3 b6 9. Qxd5 Qxd5 10. Nxd5 Na6 11. e3 Bb4+ 12. Nd2 Rc8 13. Bxa6 Rc2 14. Bb5+ Bd7 15. Bxd7+ Kxd7 16. Nxb4 Rxb2 17. Rb1 Rc8 18. Rxb2 Rc1+ 19. Ke2 Rxh1 20. Nf3 Rc1 21. Nd3 Rc3 22. e4 Kd6 23. e5+ fxe5 24. dxe5+ Ke6 25. Kd2 Ra3 26. Nd4+ Kd5 27. Nb5 Ra5 28. Nc3+ Ke6 29. f4 Kf5 30. h3 g5 31. g4+ Kg6 32. f5+ Kg7 33. Rb5 Ra3 34. Rd5 Kf8 35. e6 fxe6 36. fxe6 Ke7 37. Re5 a6 38. Nd5+ Kd6 39. e7 Rxa2+ 40. Ke3 1-0

[Event "PreTEC 2025 <1400"]
[Site "Chambly CAN"]
[Date "2025.03.26"]
[Round "2.13"]
[White "Tse, Edwin"]
[Black "Laplante, Germain"]
[Result "1/2-1/2"]
[WhiteElo "1275"]
[BlackElo "1162"]
[WhiteFideId "-1"]
[WhiteFideId "-1"]
[PlyCount "143"]
[GameId "2191150457038433"]
[EventDate "2025.03.19"]
[EventType "swiss"]
[EventRounds "5"]
[EventCountry "CAN"]

1. d4 c6 2. e4 d5 3. exd5 cxd5 4. Nf3 a6 5. Nc3 Bf5 6. Bf4 Nf6 7. Be2 e6 8. O-O Bb4 9. Rb1 O-O 10. a3 Ba5 11. b4 Bc7 12. Bxc7 Qxc7 13. Qd2 Nbd7 14. a4 Rac8 15. Rb3 Ne4 16. Nxe4 dxe4 17. Ne1 Rfd8 18. c3 Ne5 19. Qc1 Nc4 20. Nc2 Nb6 21. a5 Na4 22. Ne3 Nxc3 23. Qd2 Rxd4 24. Qb2 Nxe2+ 25. Qxe2 Bg6 26. Qb2 Rd3 27. Rxd3 exd3 28. Ng4 Qc3 29. Qb1 d2 30. Qd1 Bh5 31. h3 Bxg4 32. hxg4 Qxb4 33. Qf3 Rc1 34. Qd3 Rxf1+ 35. Kxf1 h6 36. Qd8+ Qf8 37. Qxd2 Qc5 38. Qd8+ Kh7 39. Qd3+ g6 40. Qd7 Qb5+ 41. Qxb5 axb5 42. Ke2 Kg7 43. Kd3 e5 44. Kc3 Kf6 45. Kb4 Ke6 46. Kxb5 Kd7 47. Kc5 f5 48. gxf5 gxf5 49. Kd5 e4 50. Ke5 e3 51. fxe3 Kc6 52. Kxf5 Kb5 53. e4 Kxa5 54. e5 Kb6 55. e6 Kc7 56. e7 Kd7 57. Kf6 Ke8 58. Ke6 b5 59. Kd5 b4 60. Kc4 b3 61. Kxb3 Kxe7 62. Kc4 Ke6 63. Kd4 Kf5 64. Ke3 Kg4 65. Kf2 h5 66. g3 Kg5 67. Kf3 Kf5 68. Kg2 Kg4 69. Kf2 Kg5 70. Kf3 Kf5 71. Kg2 Kg4 72. Kf2 1/2-1/2

[Event "PreTEC 2025 <1400"]
[Site "Chambly CAN"]
[Date "2025.03.26"]
[Round "2.14"]
[White "Monette, Andre"]
[Black "Bonin, Francis"]
[Result "0-1"]
[WhiteElo "1086"]
[BlackElo "1274"]
[WhiteFideId "-1"]
[WhiteFideId "-1"]
[PlyCount "48"]
[GameId "2191150457038434"]
[EventDate "2025.03.19"]
[EventType "swiss"]
[EventRounds "5"]
[EventCountry "CAN"]

1. e4 e5 2. Nf3 Nc6 3. Bc4 Bc5 4. d3 h6 5. Nc3 d6 6. Bd5 Nge7 7. Bxc6+ Nxc6 8. a3 a5 9. Nb5 Be6 10. c3 Ne7 11. d4 exd4 12. Nbxd4 Qd7 13. O-O Ng6 14. Re1 O-O 15. Nxe6 fxe6 16. Be3 Bxe3 17. Rxe3 Qb5 18. Nd4 Qe8 19. Qb3 Rf6 20. Qxb7 Rb8 21. Qxc7 Rxb2 22. f3 Nf4 23. Kh1 Rxg2 24. h4 Qh5 0-1

[Event "PreTEC 2025 <1400"]
[Site "Chambly CAN"]
[Date "2025.03.26"]
[Round "2.15"]
[White "Couvrette, Jacques"]
[Black "Pepin, Pierre-Luc"]
[Result "1-0"]
[WhiteElo "915"]
[BlackElo "1066"]
[WhiteFideId "-1"]
[WhiteFideId "-1"]
[PlyCount "51"]
[GameId "2191150457038435"]
[EventDate "2025.03.19"]
[EventType "swiss"]
[EventRounds "5"]
[EventCountry "CAN"]

1. d4 d5 2. c4 e6 3. a3 Nf6 4. Nc3 c6 5. Bg5 Be7 6. f3 dxc4 7. e4 b5 8. Nge2 O-O 9. b4 cxb3 10. Qxb3 a6 11. Nf4 h6 12. Bxf6 Bxf6 13. e5 Qxd4 14. exf6 Qxf4 15. fxg7 Qe3+ 16. Be2 Rd8 17. Qc2 Qg5 18. Rg1 Qh4+ 19. Kf1 Qxh2 20. Ne4 Qe5 21. Rc1 Bb7 22. Rh1 Qxg7 23. Bd3 Qf8 24. Qd2 Qxa3 25. Nf6+ Kg7 26. Qxh6# 1-0

[Event "PreTEC 2025 <1400"]
[Site "Chambly CAN"]
[Date "2025.03.26"]
[Round "2.16"]
[White "Lauzon, Francois"]
[Black "Alameddine, Karim"]
[Result "0-1"]
[WhiteElo "1177"]
[BlackElo "1304"]
[WhiteFideId "-1"]
[WhiteFideId "-1"]
[PlyCount "78"]
[GameId "2191150457038436"]
[EventDate "2025.03.19"]
[EventType "swiss"]
[EventRounds "5"]
[EventCountry "CAN"]

1. e4 e5 2. Nf3 d6 3. Bc4 h6 4. O-O Nf6 5. d3 Be7 6. Be3 O-O 7. Nc3 c6 8. a4 d5 9. Nxe5 dxc4 10. Nxc4 Qc7 11. g3 Qd7 12. Ne2 Nh5 13. Kh1 Nf6 14. Ng1 Qe8 15. Qd2 c5 16. Rfe1 Ng4 17. e5 Nxe3 18. Rxe3 Qc6+ 19. Re4 Bf5 20. Na5 Bxe4+ 21. dxe4 Qxe4+ 22. f3 Qxe5 23. Re1 Qf6 24. c3 b6 25. Nc4 Nc6 26. f4 Nd8 27. Ne5 Nb7 28. Nd7 Qc6+ 29. Qg2 Qxd7 30. Nf3 Bf6 31. Nd2 Rab8 32. g4 Rbe8 33. Rd1 Qxa4 34. Qf3 Bh4 35. Rf1 Na5 36. f5 Re1 37. Qh3 Rxf1+ 38. Nxf1 Bg5 39. Qf3 Nc4 0-1

[Event "PreTEC 2025 <1400"]
[Site "Chambly CAN"]
[Date "2025.03.26"]
[Round "2.17"]
[White "Raymond, Pierre"]
[Black "De Guise, Ronald"]
[Result "0-1"]
[WhiteElo "1137"]
[BlackElo "1297"]
[WhiteFideId "-1"]
[WhiteFideId "-1"]
[PlyCount "74"]
[GameId "2191150457038437"]
[EventDate "2025.03.19"]
[EventType "swiss"]
[EventRounds "5"]
[EventCountry "CAN"]

1. e4 e5 2. Nf3 Nc6 3. Bc4 Nd4 4. Nxe5 Qg5 5. Bxf7+ Ke7 6. O-O Qxe5 7. Bc4 Kd8 8. d3 c6 9. a3 Nf6 10. f4 Qh5 11. Nc3 Bc5 12. Be3 g6 13. b4 Qxd1 14. Raxd1 Ng4 15. bxc5 Nxe3 16. Ba2 Nxd1 17. Rxd1 Nxc2 18. e5 Rf8 19. g3 Nxa3 20. d4 b5 21. Ne4 a5 22. d5 cxd5 23. Bxd5 Ra7 24. Nd6 Ke7 25. Ne4 Bb7 26. Nf6 Bxd5 27. Nxd5+ Ke6 28. Nb6 Nc4 29. Nd5 Rc8 30. Nf6 h6 31. h4 Rxc5 32. g4 b4 33. Ng8 b3 34. Nxh6 b2 35. f5+ gxf5 36. gxf5+ Kxe5 37. Re1+ Kf6 0-1

[Event "PreTEC 2025 <1400"]
[Site "Chambly CAN"]
[Date "2025.03.26"]
[Round "2.18"]
[White "Hebert, Sebastien"]
[Black "Capotorto, Michele"]
[Result "1-0"]
[WhiteElo "1278"]
[BlackElo "940"]
[WhiteFideId "-1"]
[WhiteFideId "-1"]
[PlyCount "49"]
[GameId "2191150457038438"]
[EventDate "2025.03.19"]
[EventType "swiss"]
[EventRounds "5"]
[EventCountry "CAN"]

1. d4 d5 2. c4 c6 3. e3 Nf6 4. Nc3 e6 5. c5 Ne4 6. h3 Qf6 7. Nf3 Nd7 8. Bd3 Qg6 9. O-O Be7 10. Qc2 Ndf6 11. Ne5 Qg5 12. Nxe4 dxe4 13. Bxe4 O-O 14. Bf3 b6 15. Nxc6 Re8 16. Nxe7+ Rxe7 17. Bxa8 Bb7 18. Bxb7 Rxb7 19. cxb6 Rb8 20. bxa7 Re8 21. Qc6 g6 22. Qxe8+ Nxe8 23. a8=Q Qe7 24. b3 Kf8 25. Ba3 1-0

[Event "PreTEC 2025 <1400"]
[Site "Chambly CAN"]
[Date "2025.03.26"]
[Round "2.19"]
[White "Boulerice, Nicolas"]
[Black "Coutu, Olivier"]
[Result "0-1"]
[WhiteElo "937"]
[BlackElo "1189"]
[WhiteFideId "-1"]
[WhiteFideId "-1"]
[PlyCount "82"]
[GameId "2191150457038439"]
[EventDate "2025.03.19"]
[EventType "swiss"]
[EventRounds "5"]
[EventCountry "CAN"]

1. e4 e5 2. d3 Bc5 3. Nf3 d6 4. d4 exd4 5. Nxd4 Qe7 6. Nc3 Nf6 7. Bd3 Bxd4 8. Bb5+ c6 9. Bc4 Bxc3+ 10. bxc3 Qxe4+ 11. Qe2 Qxe2+ 12. Bxe2 O-O 13. O-O c5 14. Bf4 Rd8 15. Rfd1 Ne4 16. Rd3 d5 17. Bc7 Rd7 18. Bxb8 Rxb8 19. Bg4 Rd6 20. Bxc8 Rxc8 21. Rb1 b6 22. f3 Nf6 23. Re1 d4 24. Re7 c4 25. Rd2 Rcd8 26. cxd4 Rxd4 27. Rxd4 Rxd4 28. c3 Rd3 29. Rxa7 g6 30. Ra8+ Kg7 31. Rb8 Rd1+ 32. Kf2 Nd5 33. Ke2 Nxc3+ 34. Ke3 b5 35. f4 Rd3+ 36. Kf2 Rd2+ 37. Kg3 Rxa2 38. Kg4 Rxg2+ 39. Kf3 Rxh2 40. Kg4 h5+ 41. Kg5 Ne4# 0-1

[Event "PreTEC 2025 <1400"]
[Site "Chambly CAN"]
[Date "2025.04.02"]
[Round "3.7"]
[White "Barhoumi, Amine"]
[Black "Morasse, Daniel"]
[Result "0-1"]
[WhiteElo "1295"]
[BlackElo "1366"]
[WhiteFideId "-1"]
[WhiteFideId "-1"]
[PlyCount "58"]
[GameId "2191150457038447"]
[EventDate "2025.03.19"]
[EventType "swiss"]
[EventRounds "5"]
[EventCountry "CAN"]

1. Nf3 d5 2. d4 Nf6 3. c4 e6 4. Nc3 c5 5. Bg5 cxd4 6. Nxd4 Be7 7. cxd5 exd5 8. e3 Nc6 9. Bb5 Bd7 10. Nxc6 bxc6 11. Bd3 O-O 12. Qc2 h6 13. Bf4 Re8 14. O-O Be6 15. Ne2 Qb6 16. Nd4 c5 17. Nxe6 fxe6 18. b3 Rac8 19. e4 dxe4 20. Bxe4 Nxe4 21. Qxe4 Bf6 22. Rac1 Rcd8 23. Bxh6 gxh6 24. Qg6+ Bg7 25. Rc4 e5 26. Qg3 Rd4 27. Rfc1 Rxc4 28. Rxc4 Qd6 29. Qc3 Qd1+ 0-1

[Event "PreTEC 2025 <1400"]
[Site "Chambly CAN"]
[Date "2025.04.02"]
[Round "3.8"]
[White "Bonin, Francis"]
[Black "Doyon, Martin"]
[Result "1/2-1/2"]
[WhiteElo "1274"]
[BlackElo "1302"]
[WhiteFideId "-1"]
[WhiteFideId "-1"]
[PlyCount "111"]
[GameId "2191150457038448"]
[EventDate "2025.03.19"]
[EventType "swiss"]
[EventRounds "5"]
[EventCountry "CAN"]

1. e4 d6 2. d4 Nf6 3. Nc3 g6 4. Bg5 Bg7 5. Bc4 O-O 6. h3 c6 7. Qf3 b5 8. Bb3 Bb7 9. O-O-O Qc7 10. Nge2 b4 11. Nb1 Nbd7 12. g4 a5 13. c4 c5 14. d5 e6 15. Qe3 a4 16. Bc2 Ne5 17. Nd2 b3 18. axb3 axb3 19. Bxb3 Ra1+ 20. Kc2 Rxd1 21. Rxd1 exd5 22. Bxf6 Bxf6 23. f4 Nxc4 24. Nxc4 dxc4 25. Bxc4 Re8 26. Bd5 Bxd5 27. Rxd5 Qb7 28. Qb3 Qxb3+ 29. Kxb3 Rxe4 30. Rxd6 Rb4+ 31. Kc2 Rxb2+ 32. Kd3 Be7 33. Rc6 Rb3+ 34. Nc3 Kg7 35. Kc2 Rb8 36. Nd5 Bf8 37. g5 Re8 38. Kd3 Re1 39. Rc8 Rh1 40. Nf6 Rxh3+ 41. Ke4 h6 42. Nd7 Bd6 43. gxh6+ Rxh6 44. Nxc5 Bxc5 45. Rxc5 Rh5 46. f5 Rxf5 47. Rxf5 gxf5+ 48. Kxf5 f6 49. Kf4 Kg6 50. Kg4 f5+ 51. Kf3 Kf6 52. Kf4 Ke6 53. Kf3 Ke5 54. Ke3 f4+ 55. Kf2 Ke4 56. Ke2 1/2-1/2

[Event "PreTEC 2025 <1400"]
[Site "Chambly CAN"]
[Date "2025.04.02"]
[Round "3.9"]
[White "Laplante, Germain"]
[Black "Couvrette, Jacques"]
[Result "1-0"]
[WhiteElo "1162"]
[BlackElo "915"]
[WhiteFideId "-1"]
[WhiteFideId "-1"]
[PlyCount "99"]
[GameId "2191150457038449"]
[EventDate "2025.03.19"]
[EventType "swiss"]
[EventRounds "5"]
[EventCountry "CAN"]

1. d4 Nf6 2. h3 d5 3. Bf4 e6 4. Nf3 Nc6 5. c3 Bd6 6. Ne5 O-O 7. e3 a6 8. Nd2 Re8 9. Bd3 Rb8 10. O-O Re7 11. Bxa6 Qe8 12. Bb5 Bd7 13. Nxd7 Qxd7 14. Bxd6 Qxd6 15. Nf3 Ne4 16. Bd3 Nf6 17. Qc2 g6 18. Rfe1 Rbe8 19. e4 dxe4 20. Bxe4 h6 21. Rad1 Kh7 22. Ne5 Rg8 23. a3 Nd7 24. Re3 f5 25. Bxc6 bxc6 26. Rg3 Nxe5 27. dxe5 Qxe5 28. Rgd3 Rgg7 29. Rd8 g5 30. Rf8 Kg6 31. g4 Ref7 32. Rxf7 Rxf7 33. gxf5+ Rxf5 34. Kg2 c5 35. Rd8 Qf4 36. Rf8 Qf3+ 37. Kh2 Qf4+ 38. Kg2 Qf3+ 39. Kg1 Qxh3 40. Rxf5 exf5 41. Qe2 Qg4+ 42. Qxg4 fxg4 43. a4 h5 44. a5 h4 45. a6 Kf5 46. a7 h3 47. a8=Q Kf4 48. Qf8+ Ke4 49. Qxc5 Kf3 50. Qe3# 1-0

[Event "PreTEC 2025 <1400"]
[Site "Chambly CAN"]
[Date "2025.04.02"]
[Round "3.10"]
[White "Alameddine, Karim"]
[Black "Tse, Edwin"]
[Result "1-0"]
[WhiteElo "1304"]
[BlackElo "1275"]
[WhiteFideId "-1"]
[WhiteFideId "-1"]
[PlyCount "109"]
[GameId "2191150457038450"]
[EventDate "2025.03.19"]
[EventType "swiss"]
[EventRounds "5"]
[EventCountry "CAN"]

1. e4 c6 2. d3 d5 3. Qe2 e6 4. a3 Bc5 5. Nc3 Ne7 6. Nf3 O-O 7. e5 Nf5 8. Na4 Bb6 9. Nxb6 Qxb6 10. c3 c5 11. g3 Nc6 12. Bg2 Qc7 13. g4 Nfe7 14. d4 cxd4 15. cxd4 Bd7 16. Bf4 Ng6 17. Bg3 Rac8 18. Rc1 Qb6 19. Qd2 Nxd4 20. Rxc8 Nxf3+ 21. Bxf3 Rxc8 22. O-O Qc7 23. h4 Nxe5 24. Bg2 Nc4 25. Qd4 Qb6 26. Qxb6 Nxb6 27. Kh2 Bb5 28. Re1 Na4 29. b4 Rc3 30. Ra1 Nb2 31. Be5 Rb3 32. Rb1 Rxa3 33. Rxb2 f6 34. Bd6 Kf7 35. h5 d4 36. Rc2 b6 37. Rc7+ Ke8 38. Rxg7 d3 39. Re7+ Kd8 40. Bf3 d2 41. Bd1 Ba4 42. Rxa7 b5 43. Ra6 Rd3 44. Be2 Kd7 45. Bf4 e5 46. Be3 d1=Q 47. Bxd1 Bxd1 48. Kh3 f5 49. gxf5 Bxh5 50. Ra7+ Kd6 51. Rxh7 Rb3 52. Rxh5 Rxb4 53. Rh6+ Kd5 54. Rb6 Kc4 55. f6 1-0

[Event "PreTEC 2025 <1400"]
[Site "Chambly CAN"]
[Date "2025.04.02"]
[Round "3.11"]
[White "De Guise, Ronald"]
[Black "Coutu, Olivier"]
[Result "1/2-1/2"]
[WhiteElo "1297"]
[BlackElo "1189"]
[WhiteFideId "-1"]
[WhiteFideId "-1"]
[PlyCount "59"]
[GameId "2191150457075315"]
[EventDate "2025.03.19"]
[EventType "swiss"]
[EventRounds "5"]
[EventCountry "CAN"]

1. e4 e5 2. Nf3 Nc6 3. d4 exd4 4. Bc4 Nf6 5. Bg5 Be7 6. Nxd4 h6 7. Bxf6 Bxf6 8. c3 O-O 9. O-O d6 10. Nxc6 bxc6 11. Nd2 d5 12. exd5 cxd5 13. Bd3 Qd6 14. Bc2 c5 15. Ne4 Qc6 16. Nxf6+ Qxf6 17. Qxd5 Ba6 18. Rfe1 Rfd8 19. Qe4 g6 20. Qe3 Qg5 21. Qf3 Rd2 22. Qxa8+ Kg7 23. Qe4 Qf6 24. f3 Qg5 25. g3 Qh5 26. h3 Qxh3 27. Qe5+ Kg8 28. Qe8+ Kg7 29. Qe5+ Kg8 30. Qe8+ 1/2-1/2

[Event "PreTEC 2025 <1400"]
[Site "Chambly CAN"]
[Date "2025.04.02"]
[Round "3.12"]
[White "Tarte, Ariste"]
[Black "Hebert, Sebastien"]
[Result "0-1"]
[WhiteElo "1182"]
[BlackElo "1278"]
[WhiteFideId "-1"]
[WhiteFideId "-1"]
[PlyCount "80"]
[GameId "2191150457075316"]
[EventDate "2025.03.19"]
[EventType "swiss"]
[EventRounds "5"]
[EventCountry "CAN"]

1. e4 e5 2. d4 exd4 3. Qxd4 Nc6 4. Qd1 d6 5. Nf3 h6 6. Nc3 Nf6 7. Bd3 Bg4 8. O-O Nd4 9. Re1 Nxf3+ 10. gxf3 Bh3 11. e5 dxe5 12. Rxe5+ Be7 13. Qe2 Be6 14. Bf4 O-O 15. Rd1 Qc8 16. Bg3 a6 17. f4 Bd6 18. Re3 Bg4 19. f3 Bh3 20. Ne4 Nxe4 21. fxe4 Bg4 22. Rf3 Bxf3 23. Qxf3 Bc5+ 24. Kg2 Qe6 25. b3 c6 26. f5 Qf6 27. e5 Qg5 28. Re1 Bb4 29. Re2 Rad8 30. Kh3 Qc1 31. f6 Bd2 32. fxg7 Rfe8 33. Qe4 Qf1+ 34. Kg4 h5+ 35. Kh4 f5 36. Qc4+ Kxg7 37. Rxd2 Qg1 38. Qf4 Rd4 39. Bf2 Rxf4+ 40. Kxh5 Rh8# 0-1

[Event "PreTEC 2025 <1400"]
[Site "Chambly CAN"]
[Date "2025.04.02"]
[Round "3.13"]
[White "Isabel, Patrick"]
[Black "Raymond, Pierre"]
[Result "1-0"]
[WhiteElo "1245"]
[BlackElo "1137"]
[WhiteFideId "-1"]
[WhiteFideId "-1"]
[PlyCount "87"]
[GameId "2191150457075317"]
[EventDate "2025.03.19"]
[EventType "swiss"]
[EventRounds "5"]
[EventCountry "CAN"]

1. d4 Nf6 2. Nf3 e6 3. c4 d5 4. Nc3 c5 5. cxd5 exd5 6. g3 Nc6 7. Bg2 Be6 8. e3 cxd4 9. Nxd4 Nxd4 10. Qxd4 a6 11. O-O Qa5 12. a3 Bc5 13. Qd3 Qd8 14. b4 Be7 15. Rd1 O-O 16. Nxd5 Nxd5 17. Bb2 g6 18. Bxd5 Qxd5 19. Qxd5 Bxd5 20. Rxd5 b5 21. Rad1 Rac8 22. Rd7 Rfd8 23. Rxd8+ Bxd8 24. Rd2 h5 25. h4 a5 26. Bc3 a4 27. Rd3 Kh7 28. Kf1 Rc6 29. Ke2 Bf6 30. Bxf6 Rxf6 31. Rd5 Rb6 32. Kd3 f5 33. Kd4 Rc6 34. Rc5 Rd6+ 35. Rd5 Rc6 36. Rxb5 Rc2 37. f4 Rd2+ 38. Kc3 Rg2 39. Rb7+ Kh6 40. b5 Rxg3 41. Re7 Rg1 42. b6 Rb1 43. b7 Rb3+ 44. Kc4 1-0

[Event "PreTEC 2025 <1400"]
[Site "Chambly CAN"]
[Date "2025.04.02"]
[Round "3.14"]
[White "Monette, Andre"]
[Black "Capotorto, Michele"]
[Result "1-0"]
[WhiteElo "1086"]
[BlackElo "940"]
[WhiteFideId "-1"]
[WhiteFideId "-1"]
[PlyCount "75"]
[GameId "2191150457079414"]
[EventDate "2025.03.19"]
[EventType "swiss"]
[EventRounds "5"]
[EventCountry "CAN"]

1. e4 e5 2. Nf3 Nc6 3. Bc4 Bc5 4. d3 Nf6 5. O-O O-O 6. Bg5 Be7 7. Be3 d5 8. exd5 Nxd5 9. Bxd5 Qxd5 10. c4 Qe6 11. Nc3 Qg6 12. Re1 Bh3 13. g3 Rae8 14. Ne4 Qe6 15. a3 b6 16. Bg5 f6 17. Be3 Rd8 18. Nc3 Qd7 19. Nd5 Qg4 20. Nxe7+ Nxe7 21. c5 Qg6 22. Qb3+ Rd5 23. Rad1 Rfd8 24. d4 e4 25. Nh4 Qg4 26. Bf4 g5 27. Bxc7 gxh4 28. Bxd8 Qf3 29. Qxf3 exf3 30. Rxe7 Rxd8 31. Rxa7 bxc5 32. d5 h5 33. Ra4 hxg3 34. hxg3 Bf5 35. Ra7 Be4 36. d6 Rb8 37. d7 Bc2 38. d8=Q+ 1-0

[Event "PreTEC 2025 <1400"]
[Site "Chambly CAN"]
[Date "2025.04.02"]
[Round "3.15"]
[White "Boulerice, Nicolas"]
[Black "Lauzon, Francois"]
[Result "0-1"]
[WhiteElo "937"]
[BlackElo "1177"]
[WhiteFideId "-1"]
[WhiteFideId "-1"]
[PlyCount "58"]
[GameId "2191150457079415"]
[EventDate "2025.03.19"]
[EventType "swiss"]
[EventRounds "5"]
[EventCountry "CAN"]

1. e4 c5 2. Bc4 e6 3. Nf3 Nc6 4. d4 cxd4 5. Nxd4 Bc5 6. Be3 Nf6 7. Nxc6 Qb6 8. Bxc5 Qxc5 9. Nd4 Qxc4 10. e5 Nd5 11. b3 Qc5 12. O-O O-O 13. Qd3 a6 14. Re1 b5 15. Re4 Bb7 16. Rh4 h6 17. Qg3 Kh7 18. Nf3 f6 19. Nbd2 Ne7 20. Re1 Nf5 21. Ne4 Bxe4 22. Ng5+ fxg5 23. Qxg5 Nxh4 24. Qxh4 Bxc2 25. Rc1 Rac8 26. Qg4 Qxe5 27. Kf1 Bd3+ 28. Kg1 Rxc1+ 29. Qd1 Rxd1# 0-1

[Event "PreTEC 2025 <1400"]
[Site "Chambly CAN"]
[Date "2025.04.09"]
[Round "4.7"]
[White "Morasse, Daniel"]
[Black "Doyon, Martin"]
[Result "1-0"]
[WhiteElo "1366"]
[BlackElo "1302"]
[WhiteFideId "-1"]
[WhiteFideId "-1"]
[PlyCount "113"]
[GameId "2191150457091710"]
[EventDate "2025.03.19"]
[EventType "swiss"]
[EventRounds "5"]
[EventCountry "CAN"]

1. e4 d6 2. d4 Nf6 3. Nc3 g6 4. Nf3 Bg7 5. Be2 O-O 6. O-O c6 7. h3 b5 8. a3 Bb7 9. Bd3 a6 10. Be3 Nbd7 11. Qd2 Rc8 12. Bh6 c5 13. Bxg7 Kxg7 14. dxc5 Nxc5 15. Rae1 Nxd3 16. cxd3 Qb6 17. Nh4 h6 18. Qf4 e6 19. Qg3 Nh5 20. Qg4 Nf6 21. Qe2 Nh5 22. Qd2 Ng3 23. d4 Nxf1 24. Rxf1 Rc7 25. Re1 Rfc8 26. d5 Rc4 27. dxe6 fxe6 28. g4 Rd4 29. Qe3 Rc6 30. g5 h5 31. Qf4 Qd8 32. Nf3 Rdc4 33. Qe3 Qf8 34. Nd4 Rxd4 35. Qxd4+ e5 36. Qe3 Qf4 37. Qa7 Qxg5+ 38. Kf1 Qe7 39. Nd5 Qf7 40. Nb4 Rc7 41. Qe3 Qf4 42. Qb6 Qf7 43. Qxd6 Qc4+ 44. Kg1 Qc5 45. Qd2 Rf7 46. Nd3 Qd4 47. Qe2 Rd7 48. Nc1 Qd2 49. Nb3 Qxe2 50. Rxe2 Rd1+ 51. Kg2 Rd8 52. Nc5 Rb8 53. Rd2 Ba8 54. Rd7+ Kh6 55. Nxa6 Rb7 56. Rd8 Ra7 57. Nc5 1-0

[Event "PreTEC 2025 <1400"]
[Site "Chambly CAN"]
[Date "2025.04.09"]
[Round "4.8"]
[White "Laplante, Germain"]
[Black "Bonin, Francis"]
[Result "1/2-1/2"]
[WhiteElo "1162"]
[BlackElo "1274"]
[WhiteFideId "-1"]
[WhiteFideId "-1"]
[PlyCount "94"]
[GameId "2191150457091711"]
[EventDate "2025.03.19"]
[EventType "swiss"]
[EventRounds "5"]
[EventCountry "CAN"]

1. d4 d5 2. Bf4 Nf6 3. h3 e6 4. Nf3 Nc6 5. c3 Bd6 6. Ne5 Bxe5 7. dxe5 Nd7 8. e4 Ndxe5 9. Bb5 Ng6 10. Bg3 O-O 11. Bxc6 bxc6 12. e5 Ba6 13. Na3 f6 14. c4 fxe5 15. O-O Rb8 16. Qa4 Bxc4 17. Nxc4 dxc4 18. Qxc6 Qd6 19. Qxc4 Rxb2 20. Rfd1 Rd2 21. Rxd2 Qxd2 22. Qxe6+ Kh8 23. Rf1 Qd6 24. Qc4 c6 25. Rc1 Nf4 26. Bxf4 exf4 27. Qc5 Qxc5 28. Rxc5 Rf6 29. Re5 h6 30. Re8+ Kh7 31. Ra8 Rf7 32. Rc8 Rf6 33. Rc7 a5 34. Ra7 Rf5 35. Ra6 Rc5 36. a4 g5 37. f3 Kg6 38. Kh2 Kf5 39. Ra7 Rd5 40. Rf7+ Kg6 41. Ra7 h5 42. Ra6 Rc5 43. h4 g4 44. Ra8 g3+ 45. Kh3 Rc1 46. Rg8+ Kf7 47. Rf8+ Kxf8 1/2-1/2

[Event "PreTEC 2025 <1400"]
[Site "Chambly CAN"]
[Date "2025.04.09"]
[Round "4.9"]
[White "Hebert, Sebastien"]
[Black "Alameddine, Karim"]
[Result "1-0"]
[WhiteElo "1278"]
[BlackElo "1304"]
[WhiteFideId "-1"]
[WhiteFideId "-1"]
[PlyCount "79"]
[GameId "2191150457091712"]
[EventDate "2025.03.19"]
[EventType "swiss"]
[EventRounds "5"]
[EventCountry "CAN"]

1. e4 e5 2. Nf3 d6 3. h3 Nf6 4. Nc3 c6 5. Be2 Be6 6. d3 h6 7. a3 Be7 8. O-O O-O 9. d4 Qc7 10. dxe5 dxe5 11. Be3 b5 12. Bd3 Nh5 13. Re1 Nf4 14. Bf1 b4 15. axb4 Bxb4 16. Ra4 a5 17. Qa1 f6 18. Rxb4 Qf7 19. Ra4 Qg6 20. Bxf4 exf4 21. Bc4 Bxc4 22. Rxc4 Kh8 23. Rc5 Qf7 24. Rxa5 Rxa5 25. Qxa5 Qc4 26. Qc7 Na6 27. Qxf4 Nb4 28. Qd2 Qe6 29. Rd1 c5 30. Nd5 Qxe4 31. Nxb4 cxb4 32. Re1 Qb7 33. Re3 Qb6 34. Rd3 Ra8 35. Kh1 Qb8 36. Rd4 Ra1+ 37. Ng1 Qe5 38. Rd8+ Kh7 39. Qd3+ f5 40. Rd5 1-0

[Event "PreTEC 2025 <1400"]
[Site "Chambly CAN"]
[Date "2025.04.09"]
[Round "4.10"]
[White "Isabel, Patrick"]
[Black "Monette, Andre"]
[Result "1-0"]
[WhiteElo "1245"]
[BlackElo "1086"]
[WhiteFideId "-1"]
[WhiteFideId "-1"]
[PlyCount "99"]
[GameId "2191150457091713"]
[EventDate "2025.03.19"]
[EventType "swiss"]
[EventRounds "5"]
[EventCountry "CAN"]

1. d4 d5 2. Nf3 Bg4 3. Ne5 Bh5 4. g4 Bg6 5. h4 h5 6. Nxg6 fxg6 7. Qd3 Qd6 8. g5 Nc6 9. Bh3 Nb4 10. Qb5+ c6 11. Qa4 b5 12. Qb3 e6 13. a3 Na6 14. Bd2 Be7 15. Nc3 Nc7 16. O-O-O Rb8 17. Na2 Bd8 18. Bb4 Qd7 19. Qd3 Qf7 20. Kb1 Be7 21. Rhg1 Bxb4 22. Nxb4 Rb6 23. Rg3 Ne7 24. Rf3 Nf5 25. e4 dxe4 26. Qxe4 Nd6 27. Rxf7 Nxe4 28. Rxc7 Nxf2 29. Rc8+ Ke7 30. Rxh8 Nxd1 31. Rc8 Ne3 32. Nxc6+ Kd7 33. Nxa7 Nd5 34. Rg8 Nf4 35. Rxg7+ Ke8 36. Bf1 b4 37. axb4 Rxb4 38. Nc6 Rb6 39. Ne5 Kf8 40. Nd7+ Kxg7 41. Nxb6 Kf7 42. c3 Ke7 43. c4 Kd6 44. Kc2 Kc6 45. c5 e5 46. dxe5 Ne6 47. b4 Nxc5 48. bxc5 Kxc5 49. Nc4 Kd5 50. Bd3 1-0

[Event "PreTEC 2025 <1400"]
[Site "Chambly CAN"]
[Date "2025.04.09"]
[Round "4.11"]
[White "Tse, Edwin"]
[Black "De Guise, Ronald"]
[Result "0-1"]
[WhiteElo "1275"]
[BlackElo "1297"]
[WhiteFideId "-1"]
[WhiteFideId "-1"]
[PlyCount "84"]
[GameId "2191150457091714"]
[EventDate "2025.03.19"]
[EventType "swiss"]
[EventRounds "5"]
[EventCountry "CAN"]

1. d4 d5 2. Bg5 Qd6 3. e3 Qb4+ 4. Nc3 Qxb2 5. Nxd5 Kd8 6. Qc1 Qxc1+ 7. Rxc1 c6 8. Nc3 h6 9. Bf4 Nd7 10. Bc4 e6 11. Nf3 Bb4 12. Kd2 Ngf6 13. Bd3 Nd5 14. Ne5 Nxe5 15. Bxe5 Nxc3 16. Ra1 Nxa2+ 17. Ke2 Nc3+ 18. Kf1 f6 19. Bg3 b5 20. e4 a5 21. f4 a4 22. Be1 a3 23. Bd2 Rf8 24. Ke1 a2 25. d5 Bd7 26. dxc6 Bxc6 27. g4 f5 28. gxf5 exf5 29. Rg1 fxe4 30. Bf1 Ra7 31. Rg3 Ra3 32. Bg2 Rf7 33. Re3 Rxf4 34. Rg3 Rf7 35. Bh1 Kc7 36. Bg2 g5 37. Rh3 Rf6 38. Rg3 Ba5 39. Bh1 b4 40. Bg2 Re6 41. Re3 Bb6 42. Rg3 Ba4 0-1

[Event "PreTEC 2025 <1400"]
[Site "Chambly CAN"]
[Date "2025.04.09"]
[Round "4.12"]
[White "Coutu, Olivier"]
[Black "Couvrette, Jacques"]
[Result "1-0"]
[WhiteElo "1189"]
[BlackElo "915"]
[WhiteFideId "-1"]
[WhiteFideId "-1"]
[PlyCount "31"]
[GameId "2191150457091715"]
[EventDate "2025.03.19"]
[EventType "swiss"]
[EventRounds "5"]
[EventCountry "CAN"]

1. e4 e5 2. Nf3 Nc6 3. Nc3 a6 4. d4 exd4 5. Nxd4 Nge7 6. Be2 g6 7. Nxc6 Nxc6 8. O-O Bg7 9. f4 d6 10. Bg4 Ne7 11. Bxc8 Qxc8 12. f5 gxf5 13. exf5 Nxf5 14. Qg4 O-O 15. Rxf5 h6 16. Bxh6 1-0